[Event "Eu Blitz Ch"]
[Site "Panormo GRE"]
[Date "2002.10.02"]
[Round "6"]
[White "Volkov,S"]
[Black "Ruck,R"]
[Result "0-1"]
[WhiteElo "2642"]
[BlackElo "2572"]

1.d4 Nf6 2.c4 g6 3.Nc3 d5 4.cxd5 Nxd5 5.e4 Nxc3 6.bxc3 Bg7 7.Qa4+ c6 8.Nf3 O-O
9.Be3 Nd7 10.Rd1 c5 11.Bd3 Nb6 12.Qa3 cxd4 13.cxd4 Bg4 14.O-O Bxf3 15.gxf3 e6
16.f4 Qh4 17.f3 Rfd8 18.Be2 Bh6 19.f5 exf5 20.d5 Bf4 21.Rf2 Qg5+ 22.Kh1 Bxe3
23.Rg2 Qh6 24.exf5 Bf4 25.fxg6 hxg6 26.d6 Rac8 27.Qxa7 Rxd6 28.Rf1 Nd5 29.Qxb7 Rcd8
30.Bc4 R8d7 31.Qc8+ Kg7 32.Bxd5 Rxd5 33.Qc3+ Kh7 34.Qf6 Be5 35.Qa6 Rd2 36.f4 Bxf4
37.Rff2 Rxf2 38.Rxf2 Rd2 39.Rxd2 Bxd2 40.Qc4 Qf4 41.Qd3 Be3 42.Kg2 Qf2+ 43.Kh3 Qf3+  0-1

[Event "11th Monarch Assurance"]
[Site "Port Erin IOM"]
[Date "2002.10.05"]
[Round "8"]
[White "Gladyszev,O"]
[Black "Palus,R"]
[Result "1-0"]
[WhiteElo "2388"]
[BlackElo "2232"]

1.d4 Nf6 2.c4 g6 3.Nc3 d5 4.cxd5 Nxd5 5.e4 Nxc3 6.bxc3 Bg7 7.Nf3 c5 8.Rb1 O-O
9.Be2 Nc6 10.d5 Ne5 11.Nxe5 Bxe5 12.Qd2 e6 13.f4 Bc7 14.Bc4 a6 15.a4 b5 16.axb5 axb5
17.Bxb5 exd5 18.Bc6 Ra6 19.Bxd5 Rd6 20.O-O Bf5 21.Qc2 Rxd5 22.exf5 Rxf5 23.c4 Qd4+
24.Kh1 h5 25.g3 Re8 26.Rd1 Qf6 27.Bb2 Qc6+ 28.Kg1 h4 29.Qc3 f6 30.Rd5 Re2
31.Qd3 Qe6 32.Be5 Rexe5 33.fxe5 hxg3 34.hxg3  1-0

[Event "FSFMB Oct"]
[Site "Budapest HUN"]
[Date "2002.10.07"]
[Round "3"]
[White "Fodor,I1"]
[Black "Roth,Jo"]
[Result "1/2-1/2"]
[WhiteElo "2056"]
[BlackElo "2166"]

1.d4 Nf6 2.c4 g6 3.Nc3 d5 4.cxd5 Nxd5 5.e4 Nxc3 6.bxc3 Bg7 7.Bb5+ Bd7 8.Be2 c5
9.Nf3 O-O 10.O-O Qa5 11.Bg5 Qxc3 12.Rb1 Qa3 13.Bxe7 Re8 14.Bxc5 Qa5 15.Bc4  1/2-1/2

[Event "FSIMB Oct"]
[Site "Budapest HUN"]
[Date "2002.10.10"]
[Round "6"]
[White "Galyas,M"]
[Black "Dub,Z"]
[Result "1/2-1/2"]
[WhiteElo "2406"]
[BlackElo "2270"]

1.d4 Nf6 2.c4 g6 3.Nc3 d5 4.cxd5 Nxd5 5.e4 Nxc3 6.bxc3 Bg7 7.Nf3 c5 8.Be3 Qa5
9.Qd2 Nc6 10.Rc1 cxd4 11.cxd4 Qxd2+ 12.Kxd2 O-O 13.d5 Rd8 14.Ke1 Na5 15.Bg5 Bd7
16.Bd3 Rdc8 17.Ke2 e6 18.Rxc8+ Rxc8 19.Rc1 Rxc1 20.Bxc1 exd5 21.exd5 b5 22.Bf4 Nc4
23.Bxc4 bxc4 24.Be5 Bh6 25.Bc3 Kf8 26.Ne5 Bb5 27.g3 Bc1 28.Ng4 h5 29.Nf6 Ke7
30.Ne4 Ba3 31.Bf6+ Kd7 32.Nc3 Ba6 33.Bd4 Bb4 34.Kd2 Bb7 35.Bxa7 Bxd5 36.Bd4 Bc6
37.Ke3 Ke6 38.Ne4 f5 39.Nc3 g5 40.Ne2 Bd6 41.f4 g4 42.Nc3 Ba3 43.Kd2 Kd6
44.Bg7 Ke7 45.Bd4 Ke6 46.Be3 Be7 47.Bd4 h4 48.Ke3 hxg3 49.hxg3 Ba3 50.Kd2 Kd7
51.Be3 Bg2 52.Bd4 Kc6 53.Be3 Bf1 54.Bd4 Bd3 55.Be3 Bb4 56.Bd4 Kb7 57.Ke3 Ba3
58.Kd2 Kc6 59.Be3 Bb4 60.Bd4 Bf8  1/2-1/2

[Event "TCh-SWE"]
[Site "Helsingborg SWE"]
[Date "2002.10.11"]
[Round "1"]
[White "Hellsten,J"]
[Black "Sanden,S"]
[Result "1-0"]
[WhiteElo "2481"]
[BlackElo "2315"]

1.d4 Nf6 2.c4 g6 3.Nc3 d5 4.cxd5 Nxd5 5.e4 Nxc3 6.bxc3 Bg7 7.Bb5+ c6 8.Ba4 O-O
9.Ne2 c5 10.O-O Nc6 11.Be3 Na5 12.Rb1 cxd4 13.cxd4 Bd7 14.d5 Qe8 15.Bxd7 Qxd7
16.Bd4 e5 17.Bc3 Nc4 18.a4 Nd6 19.Bb4 Rab8 20.Nc3 Rfc8 21.Bxd6 Qxd6 22.Nb5 Qb6
23.Qd2 a6 24.a5 Qd8 25.Na3 Bf8 26.Rb3 Bd6 27.g3 Qe7 28.Nc2 Rc4 29.Qd3 Ra4
30.Ra1 Rxa1+ 31.Nxa1 Bb4 32.Nc2 Bxa5 33.d6 Qe6 34.Ne3 Bd8 35.Rc3 Bb6 36.Nd5 Qxd6
37.Qc4 Bd8 38.Rf3 b5 39.Qa2 Qe6 40.Rd3 a5 41.Qd2 Kg7 42.h4 h5 43.Ne3 Bb6
44.Nf5+ gxf5 45.Rd6 Qe7 46.exf5 Kg8 47.f6 Qf8 48.Qg5+ Kh7 49.Qf5+ Kh6 50.Qxe5  1-0

[Event "TCh-AUT B"]
[Site "Mitte AUT"]
[Date "2002.10.11"]
[Round "1"]
[White "Ruck,R"]
[Black "Zaja,I"]
[Result "1/2-1/2"]
[WhiteElo "2572"]
[BlackElo "2433"]

1.d4 Nf6 2.c4 g6 3.Nc3 d5 4.cxd5 Nxd5 5.e4 Nxc3 6.bxc3 Bg7 7.Nf3 c5 8.Rb1 O-O
9.Be2 cxd4 10.cxd4 Qa5+ 11.Bd2 Qxa2 12.O-O Bg4 13.Bg5 h6 14.Be3 Nc6 15.d5 Bxf3
16.gxf3 Rfd8 17.Rxb7 e6 18.Rc7 Na5 19.Rc2 Qb3 20.Rc5 Qa3 21.Qd3  1/2-1/2

[Event "TCh-AUT B"]
[Site "Mitte AUT"]
[Date "2002.10.13"]
[Round "3"]
[White "Schnider,G"]
[Black "Kaspret,G"]
[Result "1/2-1/2"]
[WhiteElo "2195"]
[BlackElo "2278"]

1.d4 Nf6 2.c4 g6 3.Nc3 d5 4.cxd5 Nxd5 5.e4 Nxc3 6.bxc3 Bg7 7.Bc4 O-O 8.Ne2 b6
9.O-O Bb7 10.Qc2 Nc6 11.Be3 Na5 12.Bd3 Rc8 13.Rfd1 Qd7 14.Rab1 Rfd8 15.Kh1 Bc6
16.Qb2 Ba4 17.Rd2 e6 18.f3 Qc6 19.Qc1 Nc4 20.Bxc4 Qxc4 21.Rb4 Qa6 22.Qa3 b5
23.c4 c5 24.dxc5 Rxd2 25.Bxd2 Qc6 26.cxb5 Bxb5 27.Nd4 Bxd4 28.Rxd4 e5 29.Rd5 Bc4
30.Rd6 Qxc5 31.Qxc5 Rxc5 32.Bh6 Rc8 33.a3 f5 34.Kg1 fxe4 35.fxe4 Kf7 36.Rd7+ Ke6
37.Rxa7 Bd3 38.Ra4 Rc2 39.Rb4 Re2 40.Rb6+ Kd7 41.Rb7+ Kc6 42.Rxh7 Bxe4 43.Bg7 Kd5
44.Rh8 Rxg2+ 45.Kf1 Ra2 46.Ke1 Bf5 47.Rd8+ Ke6 48.Ra8 Bd3 49.h4 e4 50.Bh6 Kf5
51.Kd1  1/2-1/2

[Event "1st Milk Masters"]
[Site "Selfoss ISL"]
[Date "2002.10.13"]
[Round "6"]
[White "Olafsson,H"]
[Black "McShane,L"]
[Result "0-1"]
[WhiteElo "2476"]
[BlackElo "2546"]

1.d4 Nf6 2.c4 g6 3.Nc3 d5 4.cxd5 Nxd5 5.e4 Nxc3 6.bxc3 Bg7 7.Be3 c5 8.Rb1 cxd4
9.cxd4 Qa5+ 10.Qd2 Qxd2+ 11.Kxd2 O-O 12.Bd3 Rd8 13.Nf3 e6 14.Rhc1 Nc6 15.Rc4 Bd7
16.h3 Be8 17.a4 Na5 18.Rc2 Bxa4 19.Ra2 b5 20.Bxb5 Nb3+ 21.Rxb3 Bxb3 22.Ra3 a6
23.Bd3 Rab8 24.Bf4 Bf8 25.Rxa6 Ra8 26.Ke3 Rxa6 27.Bxa6 Ra8 28.Bd3 Ra3 29.Ke2 Ra1
30.Ne5 Bd1+ 31.Ke3 Ba3 32.Kd2 Ba4 33.Bg3 Bb4+ 34.Ke3 Re1+ 35.Kf4 Bd2+ 36.Kg4 f5+
37.exf5 exf5+ 38.Kh4 g5+ 39.Kh5 Be8+  0-1

[Event "Essent Open"]
[Site "Hoogeveen NED"]
[Date "2002.10.18"]
[Round "8"]
[White "Quinn,M"]
[Black "Prasad,D"]
[Result "1/2-1/2"]
[WhiteElo "2429"]
[BlackElo "2421"]

1.d4 Nf6 2.c4 g6 3.Nc3 d5 4.cxd5 Nxd5 5.e4 Nxc3 6.bxc3 Bg7 7.Be3 c5 8.Qd2 Qa5
9.Rb1 cxd4 10.cxd4 Qxd2+ 11.Kxd2 O-O 12.Nf3 e6 13.Bd3 b6 14.Rhc1 Ba6 15.Rc3 Bxd3
16.Kxd3 Nd7 17.e5 h6 18.Nd2 Rfd8 19.Ke2 Bf8 20.Ne4 a6 21.Rc7 Kg7 22.Rbc1 b5
23.R1c6 a5 24.Rb7 Rab8 25.Rcc7 Rxb7 26.Rxb7 b4 27.f4 Nb8 28.Rb6 Be7 29.Kd3 a4
30.Kc4 Rc8+ 31.Nc5 Nc6 32.Kb5 b3 33.axb3 axb3 34.Nxb3 Nb4 35.Bd2 Nd5 36.Rc6 Rb8+
37.Kc4 Bb4 38.Bc1 Be1 39.Nc5 Rb4+ 40.Kd3 Bf2 41.Ke2 Bxd4 42.Nd3 Ra4 43.h3 Bg1
44.g3 h5 45.h4 Ne7 46.Rc3 Nf5 47.Kf3 Ra2 48.Nc5 Nd4+ 49.Ke4 Ne2 50.Rc4 Nxg3+
51.Kf3 Nf5 52.Nd7 Bf2 53.Nf6 Bxh4 54.Ne8+ Kh6 55.Rc7 Ra1 56.Nd6 Be7 57.Nxf7+ Kg7
58.Nd6 Kh6 59.Nf7+ Kg7 60.Nd6 Kh6 61.Nf7+  1/2-1/2

[Event "6th OIBM"]
[Site "Bad Wiessee GER"]
[Date "2002.10.27"]
[Round "2"]
[White "Khenkin,I"]
[Black "Wuerdinger,A"]
[Result "1-0"]
[WhiteElo "2603"]
[BlackElo "2205"]

1.d4 Nf6 2.c4 g6 3.Nc3 d5 4.cxd5 Nxd5 5.e4 Nxc3 6.bxc3 Bg7 7.Nf3 c5 8.Be3 Nc6
9.Qd2 Qa5 10.Rb1 cxd4 11.cxd4 Qxd2+ 12.Kxd2 O-O 13.Bd3 Rd8 14.d5 Ne5 15.Nxe5 Bxe5
16.f4 Bg7 17.Bc5 Kf8 18.Rhc1 f5 19.Ke3 b6 20.Ba3 fxe4 21.Bxe4 Bf5 22.Rc7 Bf6
23.d6 exd6 24.Bxf5 gxf5 25.Rb5 Rac8 26.Bxd6+ Kg8 27.Rxf5 Rxc7 28.Bxc7 Rc8
29.Bxb6 Rc3+ 30.Ke4  1-0

[Event "Olympiad"]
[Site "Bled SLO"]
[Date "2002.10.28"]
[Round "3"]
[White "Haba,P"]
[Black "Odeev,H"]
[Result "1-0"]
[WhiteElo "2534"]
[BlackElo "2461"]

1.d4 Nf6 2.c4 g6 3.Nc3 d5 4.cxd5 Nxd5 5.e4 Nxc3 6.bxc3 Bg7 7.Nf3 c5 8.Rb1 O-O
9.Be2 cxd4 10.cxd4 Qa5+ 11.Bd2 Qxa2 12.O-O a5 13.Bg5 a4 14.Bxe7 Re8 15.Bd6 Rxe4
16.Rc1 Nc6 17.Bc4 Qb2 18.Rb1 Qc3 19.Bxf7+ Kxf7 20.Ng5+ Kg8 21.Nxe4 Qxd4 22.Qe2 Be6
23.Rxb7 Bc4 24.Qc2 Bxf1 25.Qxc6 Bb5 26.Rxg7+ Kxg7 27.Qb7+ Kh6 28.Bf4+ g5
29.Bxg5+ Kg6 30.h4  1-0

[Event "IM It"]
[Site "Rosny sous Bois FRA"]
[Date "2002.10.28"]
[Round "3"]
[White "Piot,O"]
[Black "Spielmann,Al"]
[Result "1/2-1/2"]
[WhiteElo "2252"]
[BlackElo "2308"]

1.d4 Nf6 2.c4 g6 3.Nc3 d5 4.cxd5 Nxd5 5.e4 Nxc3 6.bxc3 Bg7 7.Nf3 c5 8.Be3 Qa5
9.Qd2 Nc6 10.Rc1 cxd4 11.cxd4 Qxd2+ 12.Kxd2 O-O 13.d5 Rd8 14.Ke1 Na5 15.Bg5 Bd7
16.Bd3 f5 17.e5 Be8 18.d6 Rdc8 19.dxe7 h6 20.Bd2 Rxc1+ 21.Bxc1 Rc8 22.Be3 Nc4
23.Bxa7 Nxe5 24.Nxe5 Bxe5 25.Ke2 Kf7 26.Rb1 Bc6 27.g3 Kxe7 28.Be3 Kf6 29.f4 Bc3
30.Rb3 Ba1 31.Rb1 Bc3 32.Rc1 Bb2 33.Rc2 Ba1 34.Rc1  1/2-1/2

[Event "10th Chigorin Mem B"]
[Site "St Petersburg RUS"]
[Date "2002.10.28"]
[Round "4"]
[White "Nefediev,A"]
[Black "Shishkin,Va"]
[Result "1-0"]
[WhiteElo "2261"]
[BlackElo "2391"]

1.d4 Nf6 2.c4 g6 3.Nc3 d5 4.cxd5 Nxd5 5.e4 Nxc3 6.bxc3 Bg7 7.Be3 c5 8.Qd2 Qa5
9.Rc1 Nd7 10.Nf3 O-O 11.Bd3 Nf6 12.h3 b6 13.O-O Bb7 14.d5 c4 15.Bb1 e6 16.dxe6 fxe6
17.Bd4 Rae8 18.Be5 Rf7 19.Qe2 Nh5 20.Bxg7 Kxg7 21.g3 Qc5 22.Kh2 Kg8 23.Nh4 Qg5
24.Ng2 b5 25.h4 Qe7 26.f4 Ng7 27.Ne3 h5 28.Rcd1 Rd8 29.e5 Nf5 30.Bxf5 exf5
31.Rd2 Rxd2 32.Qxd2 Qc5 33.Rd1 Qc6 34.Qd6 Kg7 35.Qxc6 Bxc6 36.Rd6 Rc7 37.Nc2 Be8
38.Nd4 Rb7 39.Ne6+ Kh6 40.a3 Re7 41.Nd4 Bd7 42.Ra6 Bc8 43.Rc6 Re8 44.Rc7 a6
45.Kg1 Rd8 46.Kf2 Re8 47.Ke3 Rd8 48.Ke2 Re8 49.Kd2 Rd8 50.Kc2 Re8 51.Nf3 Be6
52.Ng5 Bg8 53.Rd7 Rc8 54.e6 Re8 55.Kd2 a5 56.Kc2 Rb8 57.Kd2 Re8 58.Ke3 Rc8
59.Rb7 b4 60.axb4 axb4 61.Rxb4 Kg7 62.Kd4 Kf6 63.Rb6 Rd8+ 64.Kxc4 Rd1 65.Kc5 Rd3
66.c4 Rxg3 67.Rb8 Bxe6 68.Rb6 Rg4 69.Rxe6+ Kg7 70.Re7+ Kg8 71.Ne6  1-0

[Event "10th Chigorin Mem"]
[Site "St Petersburg RUS"]
[Date "2002.10.28"]
[Round "4"]
[White "Tunik,G"]
[Black "Timofeev,Ar"]
[Result "0-1"]
[WhiteElo "2503"]
[BlackElo "2558"]

1.d4 Nf6 2.c4 g6 3.Nc3 d5 4.cxd5 Nxd5 5.e4 Nxc3 6.bxc3 Bg7 7.Be3 c5 8.Rc1 Qa5
9.Qd2 O-O 10.Nf3 Rd8 11.d5 e6 12.c4 Qxd2+ 13.Nxd2 b6 14.Be2 Na6 15.O-O Nb4
16.a3 Na2 17.Rc2 Nc3 18.Bd3 Ba6 19.Bg5 Rd7 20.Rfc1 h6 21.Bf4 exd5 22.Rxc3 Bxc3
23.Rxc3 g5 24.Bg3 dxc4 25.Nxc4 Rd4 26.Bf1 Rad8 27.f4 Rxe4 28.Nb2 Bxf1 29.Kxf1 Rd2
30.Nc4 Rd1+ 31.Kf2 gxf4 32.Bh4 Rdd4 33.Nb2 f3 34.Bf6 Rd2+ 35.Kxf3 Re6  0-1

[Event "6th OIBM"]
[Site "Bad Wiessee GER"]
[Date "2002.10.29"]
[Round "4"]
[White "Khenkin,I"]
[Black "Gutman,L"]
[Result "1/2-1/2"]
[WhiteElo "2603"]
[BlackElo "2476"]

1.d4 Nf6 2.c4 g6 3.Nc3 d5 4.cxd5 Nxd5 5.e4 Nxc3 6.bxc3 Bg7 7.Be3 c5 8.Qd2 O-O
9.Nf3 Qa5 10.Rc1 Rd8 11.d5 e6 12.c4 Qxd2+ 13.Nxd2 b6 14.Be2 Na6 15.Nb1 f5
16.f3 fxe4 17.fxe4 Bb2 18.Rd1 exd5 19.cxd5 Re8 20.Nd2 Nb4 21.O-O Nc2 22.Bh6 Nd4
23.Bd3 b5 24.Rf2 Bg4  1/2-1/2

[Event "Olympiad"]
[Site "Bled SLO"]
[Date "2002.10.29"]
[Round "4"]
[White "Brittner,S"]
[Black "Kropff,R"]
[Result "1/2-1/2"]
[WhiteElo "2182"]
[BlackElo "2308"]

1.d4 Nf6 2.c4 g6 3.Nc3 d5 4.cxd5 Nxd5 5.e4 Nxc3 6.bxc3 Bg7 7.Be3 c5 8.Qd2 O-O
9.Nf3 Qa5 10.Rc1 Nc6 11.d5 Rd8 12.Bd3 Bg4 13.c4 Qa3 14.O-O Bxf3 15.gxf3 Nd4
16.Kg2 a6 17.f4 e6 18.e5 exd5 19.Bxd4 dxc4 20.Rxc4 Rxd4 21.Rxd4 cxd4 22.Rc1 Qe7
23.Rc4 Qh4 24.Be2 Rd8 25.Rxd4 Rxd4 26.Qxd4 Bh6 27.Bc4 Qg4+ 28.Kf1 Qxf4 29.Qxf4 Bxf4
30.e6 fxe6 31.Bxe6+ Kg7 32.Kg2 b5 33.h3 Kf6 34.Bc8 a5 35.Bd7 b4 36.Kf3 Ke5
37.Ba4 Bc1 38.Bb3 h5 39.Bf7 Kf5 40.Be8 h4 41.Bd7+ Ke5 42.Ke2 Kd4 43.Kd1 Bf4
44.Kc2 g5 45.Bc8 a4 46.Bd7 Kc5 47.f3  1/2-1/2

[Event "Olympiad"]
[Site "Bled SLO"]
[Date "2002.10.31"]
[Round "6"]
[White "Salas,Cr"]
[Black "Treu,A"]
[Result "1-0"]
[WhiteElo "2356"]
[BlackElo "2200"]

1.d4 Nf6 2.c4 g6 3.Nc3 d5 4.cxd5 Nxd5 5.e4 Nxc3 6.bxc3 Bg7 7.Nf3 O-O 8.Rb1 c5
9.Be2 cxd4 10.cxd4 Qa5+ 11.Bd2 Qd8 12.Be3 Qa5+ 13.Qd2 Qxd2+ 14.Nxd2 b6 15.O-O Rd8
16.Rfc1 Na6 17.Rxc8 Raxc8 18.Bxa6 Rc2 19.Nf3 Rxa2 20.Bc4 Ra4 21.Bb3 Ra6 22.Bc4 Ra4
23.Bb5 Ra5 24.d5 e6 25.Bc6 exd5 26.exd5 Ra1 27.Rxa1 Bxa1 28.Bf4 Bf6 29.Bc7 Rc8
30.d6 Kg7 31.g4 h6 32.h4 g5 33.h5 Bd8 34.Bb7 Bxc7 35.Bxc8 Bxd6 36.Nd4 Bf8
37.Ba6 Kf6 38.Nc6 Ke6 39.Bc4+ Kd6 40.Nxa7 f6 41.Kg2 Kc5 42.Bf1 Kd5 43.Kf3 Bc5
44.Nb5 Ke5 45.Bd3 Kd5 46.Ke2 Ke5 47.f3 Kd5 48.Kd2 Ke5 49.Be4 Bb4+ 50.Kd3 Bc5
51.Kc4 Bf2 52.Nc3 Bc5 53.Na4 Be3 54.Kb5 Bd4 55.Nxb6 Kf4 56.Nd5+ Ke5 57.Ne7 Ke6
58.Nf5 Be5 59.Nxh6 Ke7 60.Nf5+ Kf7 61.Bd5+  1-0

[Event "Olympiad"]
[Site "Bled SLO"]
[Date "2002.10.31"]
[Round "6"]
[White "Kozul,Z"]
[Black "Smirin,I"]
[Result "1-0"]
[WhiteElo "2565"]
[BlackElo "2683"]

1.d4 Nf6 2.c4 g6 3.Nc3 d5 4.cxd5 Nxd5 5.e4 Nxc3 6.bxc3 Bg7 7.Be3 c5 8.Qd2 cxd4
9.cxd4 Nc6 10.Rd1 Bg4 11.Be2 Bxe2 12.Nxe2 O-O 13.Rc1 Qa5 14.d5 Qxd2+ 15.Kxd2 Rfd8
16.Rhd1 e6 17.Ke1 exd5 18.exd5 Ne5 19.Rc7 Rd7 20.d6 Rad8 21.Bxa7 Rxd6 22.Rxd6 Rxd6
23.Rxb7 Nd3+ 24.Kf1 h5 25.Be3 Nb4 26.Ng3 Nc2 27.Bc5 Rd1+ 28.Ke2 Ra1 29.Ra7 Nd4+
30.Kd2 Bh6+ 31.Kd3 Rd1+ 32.Kc4 Ne6 33.Bb6 Rc1+ 34.Kb5 Rb1+ 35.Ka6 Rg1 36.a4 Rxg2
37.a5 Rxh2 38.Rd7 h4 39.Ne4 h3 40.Rd1 Rg2 41.Rh1 h2 42.Kb7 Bf4 43.Ng3 Bd6
44.a6 Nc5+ 45.Kc6 Nxa6 46.Kxd6 Nb4 47.Bd4 f5 48.Ke6 Nc6 49.Bc5 Kg7 50.Ne2 Nd8+
51.Ke7 Nf7 52.Nf4 Rg4 53.Ne6+ Kg8 54.Rxh2 Ne5 55.f4 Nd3  1-0

[Event "10th Chigorin Mem"]
[Site "St Petersburg RUS"]
[Date "2002.10.31"]
[Round "6"]
[White "Ovod,E"]
[Black "Polovodin,I"]
[Result "1/2-1/2"]
[WhiteElo "2378"]
[BlackElo "2453"]

1.d4 Nf6 2.c4 g6 3.Nc3 d5 4.cxd5 Nxd5 5.e4 Nxc3 6.bxc3 Bg7 7.Be2 c5 8.Nf3 O-O
9.O-O Bg4 10.Rb1 cxd4 11.cxd4 Bxf3 12.Bxf3 Bxd4 13.Rxb7 Na6 14.Ba3 Nc5 15.Bxc5 Bxc5
16.g3 Rb8 17.Rxb8  1/2-1/2

[Event "Olympiad"]
[Site "Bled SLO"]
[Date "2002.11.01"]
[Round "7"]
[White "Silveirinha,J"]
[Black "Nsubuga,G"]
[Result "1-0"]
[WhiteElo "2150"]
[BlackElo "2224"]

1.d4 Nf6 2.c4 g6 3.Nc3 d5 4.cxd5 Nxd5 5.e4 Nxc3 6.bxc3 Bg7 7.Nf3 O-O 8.Be2 c5
9.O-O cxd4 10.cxd4 Nc6 11.Be3 Bg4 12.Rb1 Bxf3 13.Bxf3 Nxd4 14.Bxd4 Bxd4 15.Rxb7 e5
16.Qb3 Rc8 17.Rd1 Qg5 18.Rb1 Rc3 19.Qd1 Kg7 20.R7b3 Rc6 21.g3 Rfc8 22.Bg4 R8c7
23.h4 Qh6 24.Kg2 Rc2 25.Rf3 Rxa2 26.Qb3 Qd2 27.Rd1 Qa5 28.Rc1 Rb2 29.Rxc7 Qxc7
30.Qd5 Qb7 31.Qd8 f5 32.exf5 Rxf2+ 33.Kh3 h5 34.f6+ Kf7 35.Bd7  1-0

[Event "Olympiad"]
[Site "Bled SLO"]
[Date "2002.11.01"]
[Round "7"]
[White "Georgiev,Vl"]
[Black "Ftacnik,L"]
[Result "0-1"]
[WhiteElo "2501"]
[BlackElo "2603"]

1.d4 Nf6 2.c4 g6 3.Nc3 d5 4.cxd5 Nxd5 5.e4 Nxc3 6.bxc3 Bg7 7.Bc4 c5 8.Ne2 O-O
9.O-O Nc6 10.Be3 Bd7 11.Rc1 Rc8 12.d5 Ne5 13.Bb3 Qa5 14.Qd2 Qa6 15.Bg5 e6
16.dxe6 Bxe6 17.Bd5 Bxd5 18.exd5 Rfe8 19.Ng3 Nd3 20.Rb1 c4 21.a4 Rc5 22.d6 Qxd6
23.Rxb7 Qd5 24.Re7 Rxe7 25.Bxe7 Ra5 26.Rb1 Qe5 27.Rb7 h6 28.h4 Rxa4 29.h5 gxh5
30.Qd1 Ra2 31.Nxh5 Re2 32.f4 Qxh5  0-1

[Event "10th Chigorin Mem"]
[Site "St Petersburg RUS"]
[Date "2002.11.01"]
[Round "7"]
[White "Yevseev,D"]
[Black "Kovchan,A"]
[Result "1/2-1/2"]
[WhiteElo "2553"]
[BlackElo "2546"]

1.d4 Nf6 2.c4 g6 3.Nc3 d5 4.cxd5 Nxd5 5.e4 Nxc3 6.bxc3 Bg7 7.Ba3 Nd7 8.Nf3 c5
9.Bc4 cxd4 10.Qb3 O-O 11.cxd4 Nb6 12.O-O Bd7 13.Be2 Ba4 14.Qe3 Qd7 15.Ne5 Bxe5
16.dxe5 Rfc8 17.Qg5 Rc7 18.h4 Re8 19.Rac1 Rxc1 20.Rxc1 Qe6 21.Bg4 Qxa2 22.Bxe7 h6
23.Qf6 Nd7 24.Bxd7 Bxd7 25.Rc7 Qe6 26.Qxe6 Bxe6 27.Rxb7 Ra8 28.f3 h5 29.Kh2 a5
30.Kg3 a4 31.Ba3 Kg7 32.Kf4 Kh6 33.Rb6 Bc4 34.g4 hxg4 35.Kxg4 Be6+ 36.Kg3 Bc4
37.f4 Rd8 38.Bd6 Ra8 39.Ba3 Rd8 40.Bd6 Ra8 41.Ba3  1/2-1/2

[Event "6th OIBM"]
[Site "Bad Wiessee GER"]
[Date "2002.11.02"]
[Round "8"]
[White "Khenkin,I"]
[Black "Naumann,A"]
[Result "1/2-1/2"]
[WhiteElo "2603"]
[BlackElo "2513"]

1.d4 Nf6 2.c4 g6 3.Nc3 d5 4.cxd5 Nxd5 5.e4 Nxc3 6.bxc3 Bg7 7.Be3 c5 8.Qd2 Qa5
9.Nf3 Nc6 10.Rb1 O-O 11.Rb5 cxd4 12.Rxa5 dxe3 13.Qxe3 Nxa5 14.h4 Be6 15.Ng5 Bxa2
16.h5 Rfc8 17.e5 h6 18.Nf3 g5 19.Nxg5 Nc4 20.Bxc4 Bxc4 21.Rh3 a5 22.Rg3  1/2-1/2

[Event "Olympiad"]
[Site "Bled SLO"]
[Date "2002.11.02"]
[Round "8"]
[White "Elson,A"]
[Black "Wheeler,R"]
[Result "1/2-1/2"]
[WhiteElo "2138"]
[BlackElo "2169"]

1.d4 Nf6 2.c4 g6 3.Nc3 d5 4.cxd5 Nxd5 5.e4 Nxc3 6.bxc3 Bg7 7.Bc4 O-O 8.Ne2 c5
9.O-O Nc6 10.Be3 cxd4 11.cxd4 Na5 12.Bd3 b6 13.Qd2 Bb7 14.Rac1 Qd7  1/2-1/2

[Event "Open"]
[Site "Le Touquet FRA"]
[Date "2002.11.02"]
[Round "9"]
[White "Depoorter,E"]
[Black "Gorshkova,I"]
[Result "1/2-1/2"]
[WhiteElo "2052"]
[BlackElo "2190"]

1.d4 Nf6 2.c4 g6 3.Nc3 d5 4.cxd5 Nxd5 5.e4 Nxc3 6.bxc3 Bg7 7.Bc4 O-O 8.Ne2 Nc6
9.Ba3 Na5 10.Bd3 Re8 11.f4 e6 12.O-O f5 13.Qa4 b6 14.Bb5 c6 15.Bd3 Bd7 16.Qc2 Rc8
17.Ba6 Ra8 18.Bd3 Qc7 19.e5 c5 20.dxc5 bxc5 21.c4 Bf8 22.Rab1 Nc6 23.Rfd1  1/2-1/2

[Event "FSGM Nov"]
[Site "Budapest HUN"]
[Date "2002.11.03"]
[Round "2"]
[White "Kahn,E"]
[Black "Slaby,J"]
[Result "1/2-1/2"]
[WhiteElo "2355"]
[BlackElo "2364"]

1.d4 Nf6 2.c4 g6 3.Nc3 d5 4.cxd5 Nxd5 5.e4 Nxc3 6.bxc3 Bg7 7.Rb1 O-O 8.Nf3 c5
9.Be2 cxd4 10.cxd4 Qa5+ 11.Qd2 Qxd2+ 12.Bxd2 b6 13.Bb5 Bb7 14.d5 Na6 15.Bg5 f6
16.Be3 Rfc8 17.Nd4 Nc5 18.f3 f5 19.Nc6 Bf8 20.Bxc5 bxc5 21.Bc4 Bxc6 22.dxc6+ Kg7
23.Be6 Rc7 24.Bd7 a5 25.Ke2 Raa7 26.Rb8 fxe4 27.fxe4 e5 28.Re8 c4 29.Rc1 Bc5
30.Rxe5 Bd6 31.Re6 Bxh2 32.Re7+ Kf6 33.Rxh7 Rxc6 34.Bxc6 Rxh7 35.Rxc4 Bd6
36.Ke3 Rh1 37.Rc2 Ke5 38.Kd3 Ba3 39.Be8 g5 40.Rf2 Rd1+ 41.Kc2 Rc1+ 42.Kb3 Bb4
43.Rf5+ Kxe4 44.Rxg5 Rc3+ 45.Kb2 Ke3 46.Rf5 Rc8 47.Bf7 Rd8 48.Bd5 Rf8 49.Rh5 Kd2
50.Kb3 Rb8 51.g4 Bc3+ 52.Kc4 Rb4+ 53.Kc5 Rxg4  1/2-1/2

[Event "Olympiad"]
[Site "Bled SLO"]
[Date "2002.11.04"]
[Round "9"]
[White "Olsen,H"]
[Black "Henao,R"]
[Result "0-1"]
[WhiteElo "2248"]
[BlackElo "2384"]

1.d4 Nf6 2.c4 g6 3.Nc3 d5 4.cxd5 Nxd5 5.e4 Nxc3 6.bxc3 Bg7 7.Bc4 c5 8.Ne2 Nc6
9.Be3 O-O 10.O-O Qc7 11.Rc1 Rd8 12.Bf4 Qd7 13.d5 Na5 14.Bd3 e5 15.Bg5 f6
16.Be3 c4 17.Bc2 Qe7 18.f4 exf4 19.Bxf4 Nc6 20.Nd4 Ne5 21.Rb1 Re8 22.Qd2 b6
23.Rbe1 Bd7 24.Bh6 b5 25.Bxg7 Kxg7 26.Rf4 a5 27.Ref1 Rf8 28.d6 Qd8 29.Nf3 Qb6+
30.Kh1 Qc5 31.Rh4 h5 32.Rf4 Ra6 33.Qd4 Qxd4 34.cxd4 Nxf3 35.R4xf3 Rxd6 36.e5 Rxd4
37.exf6+ Kf7 38.h3 Rd2 39.Be4 h4 40.R1f2 Rxf2 41.Rxf2 Ke6 42.f7 Ke7 43.Bxg6 Be6
44.Bh5 c3 45.Re2 Kd6 46.Re3 b4 47.a3 c2  0-1

[Event "Olympiad"]
[Site "Bled SLO"]
[Date "2002.11.05"]
[Round "10"]
[White "Arlandi,E"]
[Black "Holmsten,A"]
[Result "1/2-1/2"]
[WhiteElo "2448"]
[BlackElo "2410"]

1.d4 Nf6 2.c4 g6 3.Nc3 d5 4.cxd5 Nxd5 5.e4 Nxc3 6.bxc3 Bg7 7.Bc4 c5 8.Ne2 O-O
9.O-O Nc6 10.Be3 Bg4 11.f3 Na5 12.Bxf7+ Rxf7 13.fxg4 Rxf1+ 14.Kxf1 cxd4 15.cxd4 e5
16.Kg1 b5 17.dxe5 Bxe5 18.Rb1 a6 19.Bf4 Qb6+ 20.Kh1 Rd8 21.Qc2 Qc6 22.Qxc6 Nxc6
23.h3 Re8 24.Bxe5 Rxe5 25.Nc3 b4 26.Nd5 a5 27.Rc1 Ne7 28.Rc5 Nxd5 29.Rxa5 Rxe4
30.Rxd5 Re2 31.Ra5 Rb2 32.g5 b3 33.Ra8+ Kf7 34.Ra7+ Kg8 35.axb3 Rxb3 36.Kh2 Rc3
37.h4 Rb3 38.g3 Rb2+ 39.Kh3 Rb4 40.Re7 Ra4 41.Kg2 Ra3 42.Kf2 Rb3 43.Re3 Rb7
44.Kf3 Ra7 45.Re4 Kf7 46.Kf4 Ra5 47.Rd4 Ra7 48.g4 Ke6 49.Rb4 Kf7 50.h5 gxh5
51.gxh5 Kg7 52.Rb5 Rf7+ 53.Ke5 h6 54.g6 Ra7 55.Rd5 Re7+ 56.Kd6 Ra7 57.Ke6 Ra6+
58.Kd7 Ra7+ 59.Kc6 Re7 60.Ra5 Re1 61.Ra7+ Kg8 62.Kd6 Rd1+ 63.Ke6 Re1+ 64.Kf5 Rf1+
65.Ke6 Re1+  1/2-1/2

[Event "Olympiad"]
[Site "Bled SLO"]
[Date "2002.11.07"]
[Round "12"]
[White "Salani,P"]
[Black "Wastney,S"]
[Result "0-1"]
[WhiteElo "2200"]
[BlackElo "2266"]

1.d4 Nf6 2.c4 g6 3.Nc3 d5 4.cxd5 Nxd5 5.e4 Nxc3 6.bxc3 Bg7 7.Nf3 c5 8.Bb5+ Nc6
9.O-O O-O 10.Be3 Bg4 11.d5 Ne5 12.Be2 Nxf3+ 13.Bxf3 Bxf3 14.Qxf3 Qa5 15.Rac1 c4
16.Qe2 b5 17.Qb2 Rac8 18.f4 Rfd8 19.Rfd1 Rd7 20.Bd4 a6 21.Bxg7 Kxg7 22.g4 Rcd8
23.Rd4 Qb6 24.Kh1 e6 25.Qg2 exd5 26.exd5 Re8 27.Re4 Rxe4 28.Qxe4 Qd6 29.Qd4+ Qf6
30.Rd1 Qxd4 31.Rxd4 Kf6 32.Kg2 Ke7 33.Kf3 Kd6 34.Ke3 Kc5 35.f5 Rxd5 36.fxg6 fxg6
37.Rf4 Rd3+ 38.Ke2 Rxc3 39.h4 Rh3 40.g5 b4 41.Kd1 a5 42.Re4 a4 43.Kc1 Rh2
44.Rf4 a3 45.Rg4 Rxa2  0-1

[Event "WYb18"]
[Site "Heraklio GRE"]
[Date "2002.11.16"]
[Round "2"]
[White "Seifert,V"]
[Black "Flumbort,A"]
[Result "0-1"]
[WhiteElo "2311"]
[BlackElo "2446"]

1.d4 Nf6 2.c4 g6 3.Nc3 d5 4.cxd5 Nxd5 5.e4 Nxc3 6.bxc3 Bg7 7.Bb5+ c6 8.Ba4 O-O
9.Ne2 e5 10.O-O Nd7 11.Be3 Qe7 12.Qc2 Rd8 13.Rad1 Nb6 14.Bb3 Be6 15.dxe5 Nc4
16.Bc1 Nxe5 17.h3 Bc4 18.Bxc4 Nxc4 19.Qb3 b5 20.Nd4 Bxd4 21.cxd4 Qxe4 22.Rfe1 Qd5
23.Qg3 Re8 24.Qf4 Nd6 25.g4 a5 26.h4 Rxe1+ 27.Rxe1 Re8 28.Re5 Rxe5 29.dxe5 Ne8
30.a3 Nc7 31.Kh2 c5 32.h5 Ne6 33.Qf6 Qd8 34.Qf3 b4 35.axb4 axb4 36.hxg6 hxg6  0-1

[Event "Bundesliga 2002-3"]
[Site "Tegernsee GER"]
[Date "2002.11.16"]
[Round "3"]
[White "Graf,A"]
[Black "Stangl,M"]
[Result "1-0"]
[WhiteElo "2635"]
[BlackElo "2494"]

1.d4 Nf6 2.c4 g6 3.Nc3 d5 4.cxd5 Nxd5 5.e4 Nxc3 6.bxc3 Bg7 7.Be3 c5 8.Qd2 Qa5
9.Rc1 O-O 10.d5 f5 11.Nf3 fxe4 12.Ng5 Bf5 13.Be2 h6 14.g4 hxg5 15.gxf5 gxf5
16.Bxg5 Kh7 17.Rg1 Nd7 18.Qf4 Rf7 19.Qh4+ Kg8 20.Bh6 Nf6 21.Qg5 e3 22.fxe3 Ng4
23.Bxg4 fxg4 24.Qxg4 Qxa2 25.Bxg7 Qf2+ 26.Kd1  1-0

[Event "Bundesliga 2002-3"]
[Site "Kreuzberg GER"]
[Date "2002.11.17"]
[Round "4"]
[White "Sadler,M"]
[Black "Berndt,S"]
[Result "1-0"]
[WhiteElo "2624"]
[BlackElo "2482"]

1.d4 Nf6 2.c4 g6 3.Nc3 d5 4.cxd5 Nxd5 5.e4 Nxc3 6.bxc3 Bg7 7.Be3 c5 8.Rc1 Qa5
9.Qd2 cxd4 10.cxd4 Qxd2+ 11.Kxd2 O-O 12.Bd3 Nc6 13.Ne2 f5 14.f3 fxe4 15.fxe4 Bg4
16.d5 Ne5 17.Nd4 Rac8 18.Nb3 Bd7 19.Nc5 b6 20.Nxd7 Nxd7 21.Bc4 Nc5 22.d6+ Kh8
23.dxe7 Rfe8 24.Bd5 Rxe7 25.Ke2 Be5 26.h4 h5 27.g4 Rf8 28.gxh5 gxh5 29.Rcg1 Bf6
30.Rg6 Nxe4 31.Rh6+ Kg7 32.Rg1+ Bg5 33.Bxe4 Rxe4 34.hxg5 Rfe8 35.Rg3 Ra4
36.Rxh5 Rxa2+ 37.Kf3 Ra3 38.Kf4 Ra4+ 39.Kf5 Rd8 40.Rgh3 Rf8+ 41.Ke6 Re8+
42.Kd7 Rae4 43.Bd4+ Kg6 44.Bf6 b5 45.Rh6+ Kf5 46.Rf3+ Kg4 47.Rhh3  1-0